Dakar - Choix multiples - Statistiques

Statistiques générales
  • Ce quiz a été pris 1 534 fois
  • Le résultat moyen est 7 sur 10
Statistiques - réponses
Question Réponse % Correct
À quelle ville était reliée Dakar lors du célèbre rallye créé par Thierry Sabine ? Paris
89%
Quelle est la particularité de Dakar ? C'est la ville la plus à l'Ouest du continent africain
82%
Celle-ci appartient au patrimoine mondial de l'UNESCO. Pour quelle raison ? C'est l'île-mémoire de la traîte négrière
81%
Laquelle de ces îles appartient à Dakar ? île de Gorée
81%
De quelle langue nous vient le nom "Dakar" ? Wolof
75%
Quel écrivain aura été à l'origine du Festival mondial des arts nègres se déroulant à Dakar en 1966 ? Léopold Sédar Senghor
64%
Lequel de ces modèles d'avions de ligne atterrit pour la première fois sur Terre à Dakar en 1976, ceci étant retransmis dans le monde entier à la télévision ? Concorde
54%
Laquelle de ces personnalités n'est pas née à Dakar ? Ousmane Dembélé
49%
Comment se nomment les deux collines volcaniques présentes à Dakar ? Les Mamelles
42%
Laquelle de ces photos a été prise à Dakar ?
41%
Aucun quiz correspondant
Distribution des résultats
% des personnes avec chaque résultat
Percentile par nombre de réponses
Votre historique - résultats
Vous n’avez pas pris ce quiz